| 000 | 01320nam a22003737a 4500 | ||
|---|---|---|---|
| 003 | CHAP | ||
| 005 | 20220329143811.0 | ||
| 008 | 110908s1941 us a r 00010 eng d | ||
| 010 | _a102061 | ||
| 011 | _a103033 | ||
| 035 | _a113722 | ||
| 040 | _cCHAP | ||
| 082 | 0 | 4 |
_a674.1 _bW85 1941 |
| 245 | 0 | 0 |
_aWood structural design data _c/compilado por Richard G. Kimbell, Arthur T. Upson y Mary C. Ahern |
| 250 | _a2 ed. | ||
| 260 |
_aWashington, USA : _bNational Lumber Manufacturers Association, _c1941- |
||
| 300 |
_av. : _bilus., gráfs. |
||
| 500 | _aLa biblioteca tiene : v. 1 | ||
| 590 |
_aBATCH-UPD _b10 _c20130110 _lUCH01 _h1153 |
||
| 590 |
_aBATCH-UPD _b10 _c20130410 _lUCH01 _h0736 |
||
| 590 |
_aBATCH-UPD _b10 _c20130914 _lUCH01 _h1206 |
||
| 590 |
_aCONVERSION _b10 _c20130109 _lUCH01 _h1356 |
||
| 650 | 1 | 4 |
_aDiseño en ingeniería. _932730 |
| 650 | 1 | 4 |
_aMadera para construcción. _969663 |
| 650 | 1 | 4 |
_aMadera _xEstructura. _969607 |
| 650 | 1 | 4 |
_aMadera _xPropiedades y usos. _969621 |
| 650 | 1 | 4 |
_aMadera _xTablas de utilización. _969628 |
| 700 | 1 |
_aAhern, Mary C. _e, comp. _93088 |
|
| 700 | 1 |
_aKimbell, Richard G. _e, comp. _963233 |
|
| 700 | 1 |
_aUpson, Arthur T. _e, comp. _9116806 |
|
| 901 | _aBK | ||
| 942 | _cLIBRO | ||
| 949 |
_a674.1 W85 1941 _bBC _cLIBRO _d33724002306553 _eLIBRO _gDonaciØn _h115759 _i113722 _sb |
||
| 999 |
_c102061 _d102061 |
||